000 00619nam a2200217Ia 4500
005 20241129115522.0
008 241129s9999||||xx |||||||||||||| ||und||
020 _a9780190120894
037 _aTB
040 _aSDCL
_beng
_cSDCL
041 _aeng
_2eng
084 _aXxN52 R0 LR
_qSDCL
100 _aBasu Kaushik
245 0 _aEconomist's Miscellany : from the groves of academe to the slopes of Raisina Hill
260 _aNew Delhi
_bOxford University Press
_c2020
300 _axxi,332p.
365 _aINR
_b995
650 _aGift
942 _cTB
_hXxN52 R0 LR
999 _c1230781
_d1230781